XI Roku 2018 wg. Tygodnika "Piłka Nożna" (spoza Europy) - Statystyki

Ogólne statystyki
  • Ten quiz został rozwiązany 237 razy
  • Średni wynik to 9 z 11
Statystyki odpowiedzi
Pozycja Kraj Klub Zawodnik % Poprawnych
BR Brazylia Roma / Liverpool Alisson
99%
PP Egipt Liverpool Mohamed Salah
98%
N Argentyna Barcelona Lionel Messi
97%
LP Brazylia PSG Neymar
96%
N Urugwaj PSG Edinson Cavani
93%
LO Brazylia Real Madryt Marcelo
93%
ŚPD Brazylia Real Madryt Casemiro
91%
ŚO Brazylia PSG Thiago Silva
82%
ŚO Urugwaj Atletico Diego Godin
80%
ŚPO Brazylia Barcelona Philippe Coutinho
76%
PO Kolumbia PSV / Atletico Santiago Arias
28%
Nie znaleziono quizów pasujących do podanych kryteriów
Rozkład punktacji
Procent ludzi z każdym wynikiem
Percentyl według liczby udzielonych odpowiedzi
Twoja historia wyników
Nie rozwiązałeś tego quizu